Guide to Library and Information science : (Record no. 156179)

MARC details
000 -LEADER
fixed length control field 00545nam a22001697a 4500
005 - DATE AND TIME OF LATEST TRANSACTION
control field 20180823120120.0
010 ## - LCCN (DPL NO)
LC control number B-031876
020 ## - INTERNATIONAL STANDARD BOOK NUMBER
International Standard Book Number 8170002613
Terms of availability 350.00
035 ## - SYSTEM CONTROL NUMBER
System control number B-031876
037 ## - SOURCE OF ACQUISITION
Stock number DPL
Source of stock number/acquisition ENG
100 ## - MAIN ENTRY--PERSONAL NAME
Personal name Sehgal, R. L.
245 ## - TITLE STATEMENT
Title Guide to Library and Information science :
Remainder of title Part-I Cataloguing /
Statement of responsibility, etc by R. L. Sehgal
260 ## - PUBLICATION, DISTRIBUTION, ETC. (IMPRINT)
Place of publication, distribution, etc New Delhi
Name of publisher, distributor, etc Ess Ess Publications
Date of publication, distribution, etc 1999
270 ## - ADDRESS
Address 4837/24, Ansari Road, Darya Ganj
City New Delhi
Postal code 110002
300 ## - PHYSICAL DESCRIPTION
Extent 275p.
Dimensions 23 cms. (Hb)
942 ## - ADDED ENTRY ELEMENTS (KOHA)
Source of classification or shelving scheme Dewey Decimal Classification
Item type English Books
Classification part 020
Call number suffix सहग
Holdings
Withdrawn status Lost status Not for loan Collection code Home library Current library Date acquired Source of acquisition Cost, normal purchase price Full call number Barcode Cost, replacement price Koha item type
      Non-fiction Shahdara Branch Shahdara Branch 23/08/2018 BPPD/PUB 350.00 020 सहग B-031876 350.00 English Books

© Delhi Public Library
Hit Counter
free hit counter